|
|
|
|
| LEADER |
00000nas a2200000 a 4500 |
| 001 |
vtls011762553 |
| 003 |
SK-MaSNL |
| 005 |
20260331211341.0 |
| 008 |
180618c19849999xo ar| 0 0slo |
| 040 |
|
|
|a SNK
|b slo
|c SNK
|e AACR2
|
| 041 |
0 |
|
|a slo
|
| 044 |
|
|
|a xo
|c SK
|
| 072 |
|
7 |
|a 02
|x Knihovníctvo. Informatika
|2 konspekt
|
| 072 |
|
7 |
|a 070
|x Noviny. Tlač. Žurnalistika
|2 konspekt
|
| 080 |
|
|
|a 02
|2 2011
|
| 080 |
|
|
|a 021.89
|2 2011
|
| 080 |
|
|
|a 050
|2 2011
|
| 080 |
|
|
|a 070.48:02
|2 2011
|
| 080 |
|
|
|a (036)
|2 2011
|
| 100 |
1 |
|
|a Siváková, Jarmila
|4 com
|9 12802
|
| 245 |
1 |
0 |
|a Metodický spravodaj
|c [zostavila: Jarmila Siváková]
|
| 246 |
1 |
3 |
|a Metodický spravodaj pre knihovníkov ľudových knižníc
|f 3/1997
|f 1/1998
|
| 246 |
1 |
3 |
|a Metodický spravodaj pre knihovníkov ľudových knižníc okresov Lučenec a Poltár
|f 2/1998
|
| 246 |
1 |
3 |
|a Metodický spravodaj pre knihovníkov mestských a obecných knižníc okresov Lučenec a Poltár
|f 1/2000
|
| 260 |
|
|
|a V Lučenci
|b Okresná knižnica
|c 1984-
|
| 260 |
3 |
|
|3 1997-
|a V Lučenci
|b Novohradská knižnica
|
| 300 |
|
|
|a zv.
|c 21-29 cm
|
| 310 |
|
|
|a 1x ročne
|b 1999-
|
| 321 |
|
|
|a 2x ročne
|b 1998
|
| 321 |
|
|
|a 1x ročne
|b 1984
|
| 362 |
0 |
|
|a Č. 1 (1984)-
|
| 500 |
|
|
|a Zodpovedný redaktor: 1984, Pavol Urbančok
|
| 500 |
|
|
|a Zostavili: 1984, Jarmila Siváková ; 3/1997, K. Eliášová ; 1/1998, A. Skypalová, K. Eliášová ; 2/1998-1/1999, K. Eliášová ; 1/2000, A. Skypalová, K. Eliášová
|
| 500 |
|
|
|a Po č. 2/1997 vychádzal pod názvom Metodický list, od č. 3/1997 ako Metodický spravodaj
|
| 650 |
0 |
7 |
|a knihovníctvo
|2 SNKPH
|9 1557
|
| 650 |
0 |
7 |
|a knihovnícke časopisy
|2 SNKPH
|9 23070
|
| 650 |
0 |
7 |
|a Librarianship
|2 SNKPHeng
|9 266557
|
| 650 |
0 |
7 |
|a Journals of librarianship
|2 SNKPHeng
|9 274530
|
| 655 |
|
7 |
|a informačné publikácie
|2 SNKPH
|9 70181
|
| 655 |
|
7 |
|a Information publications
|2 SNKPHeng
|9 265188
|
| 700 |
1 |
|
|a Urbančok, Pavol
|4 lso
|9 268272
|
| 700 |
1 |
|
|a Skypalová, Anna
|4 com
|9 268428
|
| 700 |
1 |
|
|a Eliášová, Katarína
|4 com
|9 266682
|
| 710 |
2 |
|
|a Okresná knižnica v Lučenci
|4 pbl
|9 228662
|
| 710 |
2 |
|
|a Novohradská knižnica (Lučenec, Slovensko)
|4 pbl
|9 33811
|
| 752 |
|
|
|a Slovensko
|d Lučenec
|
| 780 |
0 |
0 |
|t Metodický list pre miestne ľudové knižnice
|w vtls001303086
|
| 910 |
|
|
|a snk
|
| 999 |
|
|
|c 13151
|d 15081
|
| 952 |
|
|
|t č. 3
|a SNK
|b SNK
|y PREZ
|7 0
|p 17A1326556
|o snkČSB 4151/1997
|i snk2018/14037
|8 0
|0 0
|1 0
|4 0
|d 2018-06-29
|l 0
|r 2026-02-21 22:13:07
|w 2026-02-21
|
| 952 |
|
|
|t č. 3
|a SNK
|b SNK
|y PREZ
|7 0
|p 17A1326555
|o snkČSB 4151/1997 D1
|i snk2018/14038
|8 0
|0 0
|1 0
|4 0
|d 2018-06-29
|l 0
|r 2026-02-21 22:13:07
|w 2026-02-21
|
| 952 |
|
|
|t č. 1
|a SNK
|b SNK
|y PREZ
|7 0
|p 17A1030237
|o snkČSB 4151/1984
|i snkČSP 701/93
|0 0
|1 0
|4 0
|d 2018-06-18
|l 0
|r 2026-02-21 22:13:18
|w 2026-02-21
|
| 952 |
|
|
|t č. 1
|a SNK
|b SNK
|y PREZ
|7 0
|p 17A1326595
|o snkČSB 4151/1984 D1
|i snkČSP 700/93
|0 0
|1 0
|4 0
|d 2018-06-18
|l 0
|r 2026-02-21 22:13:18
|w 2026-02-21
|
| 952 |
|
|
|t č. 1-2
|a SNK
|b SNK
|y PREZ
|7 0
|p 17A1326596
|o snkČSB 4151/1998
|i snk2018/13091
|8 0
|0 0
|1 0
|4 0
|d 2018-06-18
|l 0
|r 2026-02-21 22:13:18
|w 2026-02-21
|
| 952 |
|
|
|t č. 1-2
|a SNK
|b SNK
|y PREZ
|7 0
|p 17A1326594
|o snkČSB 4151/1998 D1
|i snk2018/13092
|8 0
|0 0
|1 0
|4 0
|d 2018-06-18
|l 0
|r 2026-02-21 22:13:18
|w 2026-02-21
|
| 952 |
|
|
|t č. 1
|a SNK
|b SNK
|y PREZ
|7 0
|p 17A1326593
|o snkČSB 4151/1999
|i snk2018/13093
|8 0
|0 0
|1 0
|4 0
|d 2018-06-18
|l 0
|r 2026-02-21 22:13:18
|w 2026-02-21
|
| 952 |
|
|
|t č. 1
|a SNK
|b SNK
|y PREZ
|7 0
|p 17A1326592
|o snkČSB 4151/1999 D1
|i snk2018/13094
|8 0
|0 0
|1 0
|4 0
|d 2018-06-18
|l 0
|r 2026-02-21 22:13:19
|w 2026-02-21
|
| 952 |
|
|
|t č. 1
|a SNK
|b SNK
|y PREZ
|7 0
|p 17A1326591
|o snkČSB 4151/2000
|i snk2018/13095
|8 0
|0 0
|1 0
|4 0
|d 2018-06-18
|l 0
|r 2026-02-21 22:13:19
|w 2026-02-21
|
| 952 |
|
|
|t č. 1
|a SNK
|b SNK
|y PREZ
|7 0
|p 17A1326590
|o snkČSB 4151/2000 D1
|i snk2018/13096
|8 0
|0 0
|1 0
|4 0
|d 2018-06-18
|l 0
|r 2026-02-21 22:13:19
|w 2026-02-21
|